00627nam a22002057a 450000500170000001000130001702000220003003500130005203700160006504000120008108200130009310000260010624500700013226000320020227000800023430000240031450000510033865000130038965000190040220170124105949.0 aB-059469 c00.00a8172730462 aB-059469 bCen Lib/Ret aDPLbEN a291bGAN aGangchen, T.Y.S. Lama aMajor religions in contemporary world /cby T.Y.S. Lama Gangchen  aItaly bAuthoraspressc2001 bItaly aLama Gangehen World Peace Foundation via Marco Polo 13, 20124 Milan aix, 350p.c22cm(Hb) aIncludes bibliographical references and index  aReligion aFaith zWorld